000 00291nam a22001217a 4500
082 _a621.38889 HER'T
100 _aHERRICK, CLYDE N
_978108
245 _aTELEVISION TROUBLSHOOTING
260 _aVIRGINIA
_bRESTON
_c1975
300 _a230P
650 _aTELEVISION REPAIR
_978109
942 _cBK
999 _c583259
_d583259